Statistiques concernant Filmographie d'Akira Kurosawa

Cliquez ici pour prendre le quiz!

Statistiques générales

  • Ce quiz a été pris 21 fois
  • Le résultat moyen est 16 sur 31

Statistiques - réponses

SortieTitre français du film% Correct
1954Les Sept Samouraïs
94%
1985Ran
94%
1980Kagemusha, l’Ombre du guerrier
82%
1957Le Château de l’araignée
82%
1950Rashōmon
82%
1965Barberousse
76%
1952Vivre
76%
1963Entre le ciel et l’enfer
71%
1961Le Garde du corps
71%
1975Dersou Ouzala
65%
1970Dodes’kaden
65%
1990Rêves
65%
1962Sanjuro
65%
1960Les salauds dorment en paix
59%
1958La Forteresse cachée
53%
1949Chien enragé
47%
1948L’Ange ivre
47%
1951L’Idiot
47%
1943La Légende du grand judo
41%
1957Les Bas-Fonds
41%
1993Madadayo
41%
1991Rhapsodie en août
41%
1955Vivre dans la peur
41%
1950Scandale
35%
1946Je ne regrette rien de ma jeunesse
29%
1945La Nouvelle Légende du grand judo
24%
1949Le Duel silencieux
24%
1944Le Plus Beau
24%
1945Les Hommes qui marchèrent sur la queue du tigre
24%
1947Un merveilleux dimanche
24%
1946Ceux qui bâtissent l’avenir
18%

Distribution des résultats

Percentile par nombre de réponses

% des personnes avec chaque résultat

Votre développement - résultats

Vous n’avez pas pris ce quiz